000 00446nam a22001577a 4500
005 20230116095846.0
008 220210b ||||| |||| 00| 0 eng d
020 _a978-93-86353-54-2
041 _aeng
100 _aOSWAL, DR.RAJESH J. AND ANTRE, MR.RISHIKESH V.
_97060
245 _aA BOOK OF COMMUNICATION AND SOFT SKILL DEVELOPMENT
260 _aPUNE
_bNIRALI PRAKASHAN
300 _a10.24
650 _aPHARMACY
_xB.PHARMA
_97083
942 _cBK
999 _c7909
_d7907